000
00289nam a22001217a 4500
082
_a
425
_b
VAS/E
100
_a
R.N.VASHISTA, R.K.GUPTA
245
_a
ENGLISH CORE
_b
CLASS XI
260
_a
DELHI
_b
LAXMI PUBLICATIONS
_c
2009
300
_a
427
650
_a
ENGLISH FOR CLASS XI
_z
INDIA
942
_c
BK
999
_c
487
_d
487